000 00366nam a2200145Ia 4500
008 210210b1956 xxu||||| |||| 00| 0 eng d
082 _a824 LADK
100 _aLADY BIRD BOOK SERIES
245 _aKing Alfred the great.
260 _aEngland
_bWills & Hepworth Ltd.
_c1956
300 _a50
650 _aLadybird Series
690 _aEnglish Prose
906 _a037737
999 _c87776
_d87776